| 000 | 00534nam a22001937a 4500 | ||
|---|---|---|---|
| 003 | OSt | ||
| 005 | 20230315104316.0 | ||
| 008 | 230315b |||||||| |||| 00| 0 eng d | ||
| 020 | _a0000000 | ||
| 040 | _cDDC | ||
| 082 | _a972.02 | ||
| 100 | _4Prescott, W. H. | ||
| 245 |
_aThe conquest of Mexico volume 2 / _cW. H. Prescott, introduction by Thomas Seccombe |
||
| 260 |
_aLondon : _bJ. M. Dent & Sons LTD. _c1957. |
||
| 300 |
_a435 p. : _c18 cm. |
||
| 500 | _aIncludes biography. | ||
| 700 | _4Prescott, W. H. | ||
| 942 |
_2ddc _cCIRC |
||
| 999 |
_c19490 _d19488 |
||